Регионална библиотека "Любен Каравелов" - Русе

Нищета на философията (Запис номер 135163)

MARC детайли
000 -Лидер
Контролно поле с фиксирана дължина nam a22 a 4500
003 - Код на организацията, давaща контролен номер
Контролно поле BLK
005 - Дата и час на последна редакция
Контролно поле 20201014113951.0
008 - Елементи от данни с фиксирана дължина
fixed length control field 180409b bul|||||r ||||||| ||bul||
010 ## - Наследен системен номер
LC control number KNG00141085000
040 ## - Източник на каталожния запис
Идентификатор на билиотеката - собственик на записа BLK
041 ## - Код за език
Код за езика на текст/звукозапис или на отделно заглавие Български
Код за езика КДБФ Български
072 #7 - Код за тематичната категория
Код организация bullib
Код за тематична категория Ц
Текст Редки и ценни
080 ## - УДК
Текстов определител УДК Марксизъм-ленинизъм. Научен комунизъм
УДК код - определител по УДК 141.82
УДК - код + определител 141.82
080 ## - УДК
Текстов определител УДК Марксистко-ленинско икономическо учение. Вж и 141.8
УДК код - определител по УДК 330.85
УДК - код + определител 330.85
100 1# - Редна дума - Автор
Автор Маркс, Карл
Авторска отговорност първи автор
R(LIN) 365572
139 ## - Редно поле
Редна дума Маркс, Карл
Авторски знак Марк - М 32
245 10 - Сведения за заглавието
Заглавие Нищета на философията
Подзаглавни данни Отговор на нищетата от г. Прудона
Редно поле (дума) Карл Маркс; с предг. от Фридрих Енгелс; прев. от фр. Георги Иванов Бакалов.
257 ## - Страна на издаване
Страна на създаване/издаване Германия
260 ## - Област на издателските данни
Година на издаване 1898
Печатница Варна : К. Николов
Място на издаване, разпространение и проч. Варна
300 ## - Физическа характеристика
Страници 190 с.
Размери/Мащаб 20 см
380 ## - Жанр
Жанр Обществени науки
490 1# - СЕРИИ (Колекции)
Име на серия Библиотека на научния социализъм
№: серия № 6
490 ## - СЕРИИ (Колекции)
Име на серия Колекция Редки и ценни издания
9 (RLIN) 435080
600 14 - Име на лице, използвано като предмет
За него / За нея Прудон, Пиер Жозеф
9 (RLIN) 223770
650 #4 - Допълнително описание по предмет – тема
Основно описание – тема или топоним Марксизъм-ленинизъм - икономически учения
9 (RLIN) 248945
650 #4 - Допълнително описание по предмет – тема
Основно описание – тема или топоним Политическа икономия - философски проблеми
9 (RLIN) 259335
650 #4 - Допълнително описание по предмет – тема
Основно описание – тема или топоним Капитал - концентрация и натрупване на капитала
9 (RLIN) 320127
650 #4 - Допълнително описание по предмет – тема
Основно описание – тема или топоним Прудон, Пиер Жозеф
9 (RLIN) 223770
653 ## - Ключова дума – ненормативна
Ключова дума политическа икономия
653 ## - Ключова дума – ненормативна
Ключова дума капитал
653 ## - Ключова дума – ненормативна
Ключова дума собственост
653 ## - Ключова дума – ненормативна
Ключова дума монопол
659 ## - Тематичен бюлетин
Тематичен бюлетин Ц
700 1# - Други автори (авторска отговорност)
Лично име Енгелс, Фридрих
Автороска отговорност (Описва отношението между автора и произведението) с предг. от
9 (RLIN) 374147
700 1# - Други автори (авторска отговорност)
Лично име Бакалов, Георги Иванов
Автороска отговорност (Описва отношението между автора и произведението) прев. от фр.
9 (RLIN) 370516
852 ## - Местоположение
Форматна сигнатура Рб 898
Фондова буква Редки и ценни
856 4# - Електронен адрес и достъп
Електронен формат pdf - файл
856 4# - Електронен адрес и достъп
Електронен формат pdf - файл
999 ## - СИСТЕМНИ КОНТРОЛНИ НОМЕРА
Koha biblionumber 135163
Koha biblioitemnumber 135163
942 ## - АРТИКУЛИ
Вид на библиотечния материал Книги
Скрит в OPAC Не
Периодичен библиозапис Да
944 ## - СЪЗДАВАНЕ И РЕДАКЦИЯ на ЗАПИСА
Създаване/Редакция Създаване
Дата на регистрацията/редакция 19.03.2013
Статус, дата на статуса 19.03.2013 - от С1,Р / 19.03.2013
Служител, извършил регистрацията/редакцията Наталия_Медовщикова
944 ## - СЪЗДАВАНЕ И РЕДАКЦИЯ на ЗАПИСА
Създаване/Редакция Редакция
Дата на регистрацията/редакция 19.03.2013
Статус, дата на статуса 19.03.2013 - от С1,Р / 19.03.2013
999 ## - СИСТЕМНИ КОНТРОЛНИ НОМЕРА
Koha biblioitemnumber 135163
999 ## - СИСТЕМНИ КОНТРОЛНИ НОМЕРА
Koha biblioitemnumber 135163
Наличности
Код за отписване Код за изгубен артикул Източник на класификационната схема Код за повреда Коз за рестрикции Код за отдаване Артикулен № Име на библиотеката - собственик Име на библиотеката, в която се намира в момента Статус (Текущо местоположение) Дата на вписване в системата Местоположение - отдел Цена в лева Инвентарен номер Систематично азбучна сигнатура Баркод Номер на екземпляра Цена в евро Служебна бележка Служебен тип на артикула
Изтеглен Не е изгубен Universal Decimal Classification Не е повреден само за читалня Специални фондове ( старопечатни, редки и ценни, фонд М. Арнаудов) 220985 Регионална библиотека "Любен Каравелов" Русе Регионална библиотека "Любен Каравелов" Русе Редки и ценни 1898-01-01 Редки и ценни 0.00 16016-а Рб 898 16016-а 1 0.00 N: стар фонд Дата: 01.01.1898 Дата инв: 16.12.2016 Бележки инв: Рц2016 Книги
  Не е изгубен Universal Decimal Classification Не е повреден само за читалня Специални фондове ( старопечатни, редки и ценни, фонд М. Арнаудов) 804781 Регионална библиотека "Любен Каравелов" Русе Регионална библиотека "Любен Каравелов" Русе Редки и ценни 2020-11-05 Редки и ценни 19.00   Рб 898 120000849557   9.71   Книги
Vip Innovations Ltd, Rousse, Bulgaria 2025